00684 2200265 4500001002100000005001500021035002000036007000300056040001200059245004500071250001200116300003200128020001400160082000800174084001400182090002400196264004700220336002100267337003000288338002300318650001000341850001000351008004100361990001600402INLIS00000000000843820260520021448 a0010-0922000927ta aSBPUPAD aNakayoshi :bMajalah Komik Uniq & Trendy a.-cet.1 a448 hlm :bilus. ;c13x18cm a1693-5454 a813 a813 ANO n a899.221 ABD m 24-14 a.--Jakarta :bElex Media Komputindo,c2005 2rdacontentateks 2rdamediaatanpa perantara 2rdacarrieravolume 4aKomik aPUPAD260520 1  a00000022349